Electromagnetic theory for telecommunications / (Record no. 11387)
[ view plain ]
| 000 -LEADER | |
|---|---|
| fixed length control field | 00710nam a22002292 4500 |
| 001 - CONTROL NUMBER | |
| control field | 0000020750 |
| 005 - DATE AND TIME OF LATEST TRANSACTION | |
| control field | 20151217154442.0 |
| 008 - FIXED-LENGTH DATA ELEMENTS--GENERAL INFORMATION | |
| fixed length control field | 111011s xx 000 0 eng d |
| 020 ## - INTERNATIONAL STANDARD BOOK NUMBER | |
| International Standard Book Number | 8175965447 : |
| 040 ## - CATALOGING SOURCE | |
| Original cataloging agency | KABU |
| Transcribing agency | KABU |
| 100 1# - MAIN ENTRY--PERSONAL NAME | |
| Personal name | Liu, C. S. |
| -- | 0000181301 |
| 245 10 - TITLE STATEMENT | |
| Title | Electromagnetic theory for telecommunications / |
| Statement of responsibility, etc. | C. S. Liu, V. K. Tripathi. |
| 250 ## - EDITION STATEMENT | |
| Edition statement | 1st ed. |
| 260 ## - PUBLICATION, DISTRIBUTION, ETC. (IMPRINT) | |
| Place of publication, distribution, etc. | New Delhi : |
| Name of publisher, distributor, etc. | C. U. P. India, |
| Date of publication, distribution, etc. | 2007. |
| 300 ## - PHYSICAL DESCRIPTION | |
| Extent | viii, 307 p. |
| 650 #0 - SUBJECT ADDED ENTRY--TOPICAL TERM | |
| Topical term or geographic name as entry element | Telecommunications. |
| -- | 0000157614 |
| 650 #0 - SUBJECT ADDED ENTRY--TOPICAL TERM | |
| Topical term or geographic name as entry element | Electromagnetic theory. |
| -- | 0000153939 |
| 700 1# - ADDED ENTRY--PERSONAL NAME | |
| Personal name | Tripathi, V. K. |
| -- | 0000181302 |
| 852 1# - LOCATION | |
| -- | p4960 KES |
| 908 ## - PUT COMMAND PARAMETER (RLIN) | |
| Put command parameter | 111011 |
| 950 ## - LOCAL HOLDINGS (RLIN) | |
| -- | 1 |
| Withdrawn status | Lost status | Source of classification or shelving scheme | Not for loan | Home library | Current library | Date acquired | Total Checkouts | Full call number | Barcode | Date last seen | Date last checked out | Price effective from | Koha item type |
|---|---|---|---|---|---|---|---|---|---|---|---|---|---|
| Library of Congress Classification | Kabarak, Main Campus | Kabarak, Main Campus | 17/12/2015 | 2 | TK5101 .L58 2007 c. 1 | 19331 | 11/12/2017 | 21/11/2017 | 17/12/2015 | General Collection |